000 00899nam a22002777a 4500
001 BR7705676
003 BR-BrBNA
005 20230928085454.0
007 ta
008 230509b bl.||||| |||| 00| 0 por d
040 _aBR-BrBNA
_bpor
_cBiblioteca Nacional de Agricultura
041 _a(Por)
072 _aD10
_b/G514
090 _ D10 BR7705676
100 1 _aCosta, E.J.
100 1 _aFoguel, S.
110 1 _aSecretaria de Desenvolvimento Administrativo, Brasilia, DF (Brasil)
_98732
245 1 _aMudanca planejada de um sistema complexo: Ministerio da Agricultura e o Setor Publico Agricola [Brasil]
260 3 _aBrasilia, DF (Brasil):
_c1977.
300 _a26 p.
500 _aReprint of Revista de Administracao Publica. v. 2 Apr/Jun de 1977
650 _aADMINISTRACAO PUBLICA
650 _aMODERNIZACAO ADMINISTRATIVA
909 _a202309
_bLucia
_c55
_dLucia Elande
942 _cBK
999 _c24613
_d24613